[Event "ST-2022-0-00222"]
[Site "LSS email"]
[Date "2022.09.26"]
[Round "?"]
[White "Marwitz, Ullrich"]
[Black "Koch, Christian"]
[Result "1/2-1/2"]
[WhiteElo "2338"]
[BlackElo "2303"]
[PlyCount "44"]
[EventDate "2022.04.10"]
[EventType "tourn (corr)"]
[EventRounds "6"]
[EventCountry "GER"]
[SourceTitle "Corr 2024"]
[Source "ChessBase"]
[SourceDate "2023.10.19"]
[SourceVersion "1"]
[SourceVersionDate "2023.10.19"]
[SourceQuality "1"]

1. c4 e5 2. Nc3 Nf6 3. Nf3 Nc6 4. e4 Bb4 5. d3 d6 6. a3 Bc5 7. b4 Bb6 8. Be3 Bg4 9. Be2 0-0 10. 0-0 Bxf3 11. Bxf3 Nd4 12. Na4 Nxf3+ 13. Qxf3 Bxe3 14. Qxe3 Nh5 15. Nc3 Nf4 16. g3 Ne6 17. f4 Nd4 18. Rf2 f6 19. Kg2 a6 20. f5 c6 21. Rb2 d5 22. cxd5 cxd5 1/2-1/2

[Event "ST-2020-0-00177"]
[Site "LSS email"]
[Date "2020.12.31"]
[Round "?"]
[White "Marwitz, Ullrich"]
[Black "Wosch, Arkadiusz"]
[Result "0-1"]
[WhiteElo "2368"]
[BlackElo "2330"]
[PlyCount "42"]
[EventDate "2020.12.09"]
[EventType "tourn (corr)"]
[EventRounds "6"]
[EventCountry "GER"]
[SourceTitle "Corr 2024"]
[Source "ChessBase"]
[SourceDate "2023.10.19"]
[SourceVersion "1"]
[SourceVersionDate "2023.10.19"]
[SourceQuality "1"]

1. e4 c5 2. d3 Nc6 3. f4 g6 4. Nf3 Bg7 5. Be2 d6 6. 0-0 Nf6 7. Qe1 0-0 8. Qh4 b5 9. f5 gxf5 10. Bh6 Bxh6 11. Qxh6 Ng4 12. Qh5 Kh8 13. Ng5 Nf6 14. Qh4 Kg7 15. Qg3 Kh8 16. Qh4 Ne5 17. Nd2 Rg8 18. exf5 Rg7 19. Nge4 Bb7 20. Nxf6 Rxg2+ 21. Kh1 Rg4+ 0-1

[Event "ST-2020-0-00158"]
[Site "LSS email"]
[Date "2020.08.14"]
[Round "?"]
[White "Marwitz, Ullrich"]
[Black "Susla, Vitaliy"]
[Result "1/2-1/2"]
[WhiteElo "2368"]
[BlackElo "2343"]
[PlyCount "94"]
[EventDate "2020.08.04"]
[EventType "tourn (corr)"]
[EventRounds "6"]
[EventCountry "GER"]
[SourceTitle "Corr 2024"]
[Source "ChessBase"]
[SourceDate "2023.10.19"]
[SourceVersion "1"]
[SourceVersionDate "2023.10.19"]
[SourceQuality "1"]

1. e4 c5 2. Nf3 d6 3. Bb5+ Bd7 4. Bxd7+ Qxd7 5. c4 Nf6 6. Nc3 g6 7. d4 cxd4 8. Nxd4 Bg7 9. f3 0-0 10. Be3 Nc6 11. 0-0 a6 12. Qd3 Ne5 13. Qe2 Rac8 14. b3 b5 15. Nd5 Nxd5 16. cxd5 e6 17. dxe6 fxe6 18. Rad1 Rc3 19. f4 Nc6 20. Nf3 d5 21. e5 Bh6 22. Kh1 Ne7 23. Bd4 Rc7 24. g3 Rfc8 25. Kg2 Qc6 26. Bf2 Bf8 27. Rd2 Qd7 28. Bb6 Rb7 29. Bf2 Nc6 30. g4 Bh6 31. Kg3 Bf8 32. h3 Ba3 33. Rdd1 Rbc7 34. Bb6 Rb7 35. Bf2 Rbc7 36. Bb6 Rb7 37. Qe3 Nb4 38. Ba5 Nc6 39. Bd2 Rbc7 40. Qb6 Nd8 41. Qe3 Bc5 42. Qe2 Bf8 43. Kg2 Rc2 44. f5 Bb4 45. f6 Rxa2 46. Kg3 Nf7 47. Qe3 Bxd2 1/2-1/2

[Event "ST-2020-0-00158"]
[Site "LSS email"]
[Date "2020.08.14"]
[Round "?"]
[White "Nichols, Scott"]
[Black "Marwitz, Ullrich"]
[Result "1/2-1/2"]
[WhiteElo "2379"]
[BlackElo "2368"]
[PlyCount "77"]
[EventDate "2020.08.04"]
[EventType "tourn (corr)"]
[EventRounds "6"]
[EventCountry "GER"]
[SourceTitle "Corr 2024"]
[Source "ChessBase"]
[SourceDate "2023.10.19"]
[SourceVersion "1"]
[SourceVersionDate "2023.10.19"]
[SourceQuality "1"]

1. c4 e5 2. Nc3 Nf6 3. Nf3 Nc6 4. e4 Bb4 5. d3 d6 6. a3 Bxc3+ 7. bxc3 b6 8. g3 Nd7 9. Nh4 Nc5 10. Bg2 Na5 11. Rb1 Be6 12. Nf5 0-0 13. 0-0 f6 14. f4 Qd7 15. Be3 Kh8 16. fxe5 fxe5 17. h4 Rf7 18. g4 Raf8 19. Qe2 Qe8 20. h5 Nc6 21. Rf2 h6 22. Rbf1 Ne7 23. Bf3 Bxf5 24. exf5 Nd7 25. Qd2 c6 26. Bxh6 gxh6 27. Qxh6+ Rh7 28. Qd2 Ng8 29. Bxc6 Qc8 30. Bf3 Qd8 31. Rh2 Nh6 32. g5 Nxf5 33. Rff2 Rg8 34. g6 Nh4 35. Rxh4 Qxh4 36. Rg2 Rf8 37. Bd5 Rf4 38. gxh7 Qxh5 39. Rh2 1/2-1/2

[Event "SM-2017-0-00384"]
[Site "LSS email"]
[Date "2017.10.08"]
[Round "?"]
[White "Mroczek, Jacek"]
[Black "Marwitz, Ullrich"]
[Result "1/2-1/2"]
[WhiteElo "2268"]
[BlackElo "2366"]
[PlyCount "39"]
[EventDate "2017.08.17"]
[EventType "tourn (corr)"]
[EventRounds "6"]
[EventCountry "GER"]
[SourceTitle "Corr 2022"]
[Source "ChessBase"]
[SourceDate "2021.10.24"]
[SourceVersion "1"]
[SourceVersionDate "2021.10.24"]
[SourceQuality "1"]

1. d4 f5 2. c4 Nf6 3. g3 g6 4. Bg2 Bg7 5. Nc3 0-0 6. Nf3 d6 7. 0-0 c6 8. Rb1 a5 9. Qb3 h6 10. Rd1 Na6 11. Be3 Rb8 12. h3 Nc7 13. Rbc1 Bd7 14. Qb6 Na8 15. Qxd8 Rfxd8 16. Ne1 Nc7 17. Nd3 Na6 18. b3 Kf7 19. c5 Nb4 20. Nxb4 1/2-1/2

[Event "SM-2017-0-00378"]
[Site "LSS email"]
[Date "2017.07.10"]
[Round "?"]
[White "Bernal Varela, Nelson"]
[Black "Marwitz, Ullrich"]
[Result "1/2-1/2"]
[WhiteElo "2345"]
[BlackElo "2366"]
[PlyCount "100"]
[EventDate "2017.04.13"]
[EventType "tourn (corr)"]
[EventRounds "6"]
[EventCountry "GER"]
[SourceTitle "Corr 2022"]
[Source "ChessBase"]
[SourceDate "2021.10.24"]
[SourceVersion "1"]
[SourceVersionDate "2021.10.24"]
[SourceQuality "1"]

1. e4 c5 2. Nf3 Nc6 3. Bb5 g6 4. h3 Bg7 5. 0-0 e5 6. a4 Nge7 7. d3 d6 8. Bc4 h6 9. Nc3 0-0 10. Bd2 Kh7 11. Nd5 f5 12. c3 Nxd5 13. Bxd5 Ne7 14. Bc4 Qc7 15. Re1 Bd7 16. Qe2 Rac8 17. Ra3 Rf6 18. Nh2 a6 19. Raa1 Rff8 20. Be3 b5 21. axb5 axb5 22. Bb3 f4 23. Bd2 Ra8 24. Nf3 Bf6 25. Rxa8 Rxa8 26. Qf1 Qa7 27. Rc1 Kg7 28. Bd1 Qa2 29. b4 c4 30. Be2 Be6 31. dxc4 bxc4 32. Qd1 Qa4 33. Be1 Qxd1 34. Rxd1 Nc8 35. Nd2 Nb6 36. f3 Bd8 37. Bf2 Ra3 38. Nb1 Rb3 39. Rc1 Rb2 40. Kf1 Ra2 41. Rd1 Nc8 42. Rd2 Ra1 43. Rd1 Bc7 44. h4 h5 45. g3 fxg3 46. Bxg3 Nb6 47. Nd2 Ra3 48. Rc1 Ra2 49. Rd1 Rc2 50. Nb1 Ra2 1/2-1/2

[Event "SM-2017-0-00378"]
[Site "LSS email"]
[Date "2017.07.10"]
[Round "?"]
[White "Pascual Perez, Norge"]
[Black "Marwitz, Ullrich"]
[Result "1/2-1/2"]
[WhiteElo "2427"]
[BlackElo "2366"]
[PlyCount "59"]
[EventDate "2017.04.13"]
[EventType "tourn (corr)"]
[EventRounds "6"]
[EventCountry "GER"]
[SourceTitle "Corr 2022"]
[Source "ChessBase"]
[SourceDate "2021.10.24"]
[SourceVersion "1"]
[SourceVersionDate "2021.10.24"]
[SourceQuality "1"]

1. e4 c5 2. Nf3 Nc6 3. Bb5 g6 4. Bxc6 dxc6 5. d3 Bg7 6. h3 b6 7. 0-0 Nf6 8. a4 a5 9. Bg5 Qc7 10. e5 Nd5 11. Re1 Bf5 12. Nc3 Rd8 13. Ne4 0-0 14. Qd2 f6 15. Bh6 fxe5 16. Bxg7 Kxg7 17. Ng3 Bxh3 18. Nxe5 Bc8 19. Re4 Nf6 20. Re2 Nd5 21. Rae1 Nf4 22. Re3 Kg8 23. Rf3 g5 24. Rfe3 h6 25. Qd1 Rd6 26. Nh5 Nd5 27. R3e2 Qd8 28. Rd2 Qe8 29. Ng3 Rf4 30. c3 1/2-1/2

[Event "GER MS-233 email"]
[Site "GER email"]
[Date "2016.01.07"]
[Round "?"]
[White "Marwitz, Ullrich"]
[Black "Turowski, Peter Hinrich"]
[Result "1-0"]
[WhiteElo "1876"]
[BlackElo "1967"]
[PlyCount "109"]
[EventDate "2016.01.11"]
[EventType "tourn (corr)"]
[EventRounds "6"]
[EventCountry "GER"]
[SourceTitle "Corr 2020"]
[Source "ChessBase"]
[SourceDate "2019.09.30"]
[SourceVersion "1"]
[SourceVersionDate "2019.09.30"]
[SourceQuality "1"]

1. e4 e5 2. Nf3 Nc6 3. Bb5 a6 4. Ba4 Nf6 5. 0-0 Be7 6. Re1 b5 7. Bb3 0-0 8. h3 Bb7 9. d3 d6 10. a3 Na5 11. Ba2 c5 12. Nbd2 Nc6 13. Nf1 Bc8 14. c3 Be6 15. Bxe6 fxe6 16. b4 d5 17. exd5 Qxd5 18. Ne3 Qd7 19. bxc5 Bxc5 20. Ng4 Nxg4 21. hxg4 Qd5 22. Be3 Rad8 23. Bxc5 Qxc5 24. Re3 Ne7 25. d4 exd4 26. cxd4 Qd6 27. Qe1 Ng6 28. Ng5 e5 29. dxe5 Qe7 30. Nf3 Qe6 31. g5 Qg4 32. Qb4 Nf4 33. g3 a5 34. Qb3+ Kh8 35. Rf1 Nh3+ 36. Kh2 Nxg5 37. Nxg5 Qxg5 38. Kg1 Qf5 39. Qxb5 Rd2 40. Re2 Rd3 41. Ra1 Ra8 42. a4 Rdd8 43. Rc1 Rdb8 44. Qd5 Rd8 45. Qa2 Re8 46. e6 Re7 47. Rc6 Rae8 48. Qc4 h6 49. Rc8 Rxc8 50. Qxc8+ Kh7 51. Qc6 Qb1+ 52. Kg2 Qf5 53. Qd6 Qf8 54. Qd3+ Kh8 55. Qd5 1-0